Wszystkie mecze reprezentacji Polski za kadencji Bońka - Statystyki

Ogólne statystyki
  • Ten quiz został rozwiązany 59 razy
  • Średni wynik to 3 z 5
Statystyki odpowiedzi
Rozgrywki Wynik Reprezentacja % Poprawnych
Eliminacje do ME 0:1 Łotwa
85%
Eliminacje do ME 2:0 San Marino
59%
Mecz towarzyski 1:1 Belgia
48%
Mecz towarzyski 0:2 Dania
46%
Mecz towarzyski 2:0 Nowa Zelandia
24%
Nie znaleziono quizów pasujących do podanych kryteriów
Rozkład punktacji
Procent ludzi z każdym wynikiem
Percentyl według liczby udzielonych odpowiedzi
Twoja historia wyników
Nie rozwiązałeś tego quizu